Studi sulla distinzione fre res mancipi e res nec mancipi

में बचाया:
ग्रंथसूची विवरण
मुख्य लेखक: Gallo, Filippo (लेखक)
स्वरूप: पुस्तक
भाषा:इतालवी
प्रकाशित: Turín G. Giappichelli 1958
श्रृंखला:Memorie dell'Istituto Giuridico, 102
विषय:
टैग: टैग जोड़ें
कोई टैग नहीं, इस रिकॉर्ड को टैग करने वाले पहले व्यक्ति बनें!

MARC

LEADER 00000nam a2200000 a 4500
001 UCR1062
003 CL-VaPUC
008 971205e19580000IT |||||||||||||||||ita|d
082 0 4 |a 340.5409  |b GAL  |2 21 
100 |a Gallo, Filippo  |e author  |9 455057 
245 1 0 |a Studi sulla distinzione fre res mancipi e res nec mancipi 
300 |a 253 p 
942 |c BK 
945 |d 19971205 00:00:00  |a aolguin 
260 |a Turín  |b G. Giappichelli  |c 1958 
600 0 |a Gayo  |9 395807 
650 0 |a Derecho romano  |9 255930 
650 0 |a Historia  |9 255047 
650 7 |a RES MANCIPI  |2 CL-VaPUC  |9 397853 
650 7 |a RES NEC MANCIPI  |2 CL-VaPUC  |9 397854 
583 |a last modification  |c 19971205 00:00:00  |k Rodrigo Vera 
490 0 |a Memorie dell'Istituto Giuridico, 102 
999 |c 264557  |d 264555 
952 |0 0  |1 0  |4 0  |6 340_540900000000000_GAL_1958  |7 0  |8 DER_ROM  |9 294841  |a BIBDER  |b BIBDER  |d 2019-11-19  |i 1928139  |o 340.5409 GAL 1958  |p 1928139  |r 2023-01-25  |w 2019-11-19  |x Ubicación 4to piso  |y BK  |z Este recurso debe solicitarse con anticipación  |k DER